QCM - Histoire (Facile) - Statistiques

Statistiques générales
  • Ce quiz a été pris 325 fois
  • Le résultat moyen est 10 sur 15
Statistiques - réponses
Question Réponse % Correct
Quelle est la période qui a succédé à la préhistoire ? L’Antiquité
95%
En quelle année Christophe Colomb a-t-il découvert l’Amérique ? 1492
92%
Que signifie Homo Erectus ? Homme debout
77%
A la fin du XIXe siècle, comme s’appelle le haut fonctionnaire et homme politique français qui a dirigé les grands travaux à Paris ? Le Baron Haussmann
77%
Quel souverain est considéré comme le premier roi de France ? Clovis
75%
Quels étaient les 2 pays alliés à l’Allemagne pendant la Seconde Guerre mondiale ? L’Italie et le Japon
73%
Comment Henry IV est-il mort ? Assassiné
72%
Au début du XIVe siècle, dans quelle ville française les papes ont-ils établi leur lieu de résidence permanent ? Avignon
72%
Qui a été le premier président des Etats-Unis ? George Washington
65%
Quel est le plus vieux pont de Paris ? Le pont Neuf
65%
Comment appelle-t-on un vendeur ambulant au Moyen-âge ? Un colporteur
58%
En France, qui était le souverain sous le Second Empire ? Napoléon III
48%
Qui a succédé à Staline en 1953 ? Khrouchtchev
42%
Comment appelle-t-on les années qui ont suivies la Première Guerre mondiale en France ? Les Années Folles
42%
Quel astronome polonais a envisagé que la Terre tournait autour du Soleil, et non l'inverse ? Copernic
40%
Aucun quiz correspondant
Distribution des résultats
% des personnes avec chaque résultat
Percentile par nombre de réponses
Votre historique - résultats
Vous n’avez pas pris ce quiz